000 00304nam a2200145Ia 4500
100 _aParkin/N & Flood/C.R
490 _vI
942 _cBK
654 _aWelding
245 _aWelding Craft Practice
260 _bPergamon press
_aOxford
_c1969
082 _a671.5
300 _a159
546 _aENGLISH
999 _c27036
_d27036